The origins of the British fiscal cadastre (Record no. 116197)
[ view plain ]
| 000 -LEADER | |
|---|---|
| fixed length control field | 01406cad a22002535a 4500 |
| 001 - CONTROL NUMBER | |
| control field | L160080 |
| 008 - FIXED-LENGTH DATA ELEMENTS--GENERAL INFORMATION | |
| fixed length control field | 120529s2010 xxk g 000 0 eng d |
| 035 ## - SYSTEM CONTROL NUMBER | |
| System control number | (Sirsi) u160080 |
| 041 0# - LANGUAGE CODE | |
| Language code of text/sound track or separate title | eng |
| 110 ## - MAIN ENTRY--CORPORATE NAME | |
| Corporate name or jurisdiction name as entry element | Federation International Des Geometres |
| 111 2# - MAIN ENTRY--MEETING NAME | |
| Meeting name or jurisdiction name as entry element | FIG Working Week 2010 |
| Number [OBSOLETE] | Sydney, Australia |
| Location of meeting | 11-16 April 2010 |
| 245 04 - TITLE STATEMENT | |
| Title | The origins of the British fiscal cadastre |
| Medium | [electronic resource] |
| 260 ## - PUBLICATION, DISTRIBUTION, ETC. | |
| Place of publication, distribution, etc. | Sydney |
| Name of publisher, distributor, etc. | FIG |
| Date of publication, distribution, etc. | 2010 |
| 520 ## - SUMMARY, ETC. | |
| Summary, etc. | Series of duties on land were introduced as a part of the Finance Act (1909-10). These new taxes required the creation of a fiscal cadastre to provide a definitive valuation of each piece of land on a specific date as a baseline against which subsequent increases in value could be measured and taxes levied. This paper examines how the fiscal cadastre was compiled, including the organisation that had to be created for the purpose. |
| 650 24 - SUBJECT ADDED ENTRY--TOPICAL TERM | |
| Topical term or geographic name entry element | CADASTRE |
| 650 24 - SUBJECT ADDED ENTRY--TOPICAL TERM | |
| Topical term or geographic name entry element | LAND TAX |
| 651 #4 - SUBJECT ADDED ENTRY--GEOGRAPHIC NAME | |
| Geographic name | United Kingdom |
| 690 ## - LOCAL SUBJECT ADDED ENTRY--TOPICAL TERM (OCLC, RLIN) | |
| Topical term or geographic name as entry element | Valuation |
| 9 (RLIN) | 6273 |
| 700 1# - ADDED ENTRY--PERSONAL NAME | |
| Personal name | Grover, Richard |
| 700 1# - ADDED ENTRY--PERSONAL NAME | |
| Personal name | Grover, Christine |
| 856 40 - ELECTRONIC LOCATION AND ACCESS | |
| Uniform Resource Identifier | <a href="https://www.fig.net/resources/proceedings/fig_proceedings/fig2010/ppt/ts10f/ts10f_grover_ppt_3915.pdf">https://www.fig.net/resources/proceedings/fig_proceedings/fig2010/ppt/ts10f/ts10f_grover_ppt_3915.pdf</a> |
| Public note | View the presentation free of charge at www.fig.net |
| 856 40 - ELECTRONIC LOCATION AND ACCESS | |
| Uniform Resource Identifier | <a href="https://fig.net/resources/proceedings/fig_proceedings/fig2010/papers/ts10f/ts10f_grover_3915.pdf">https://fig.net/resources/proceedings/fig_proceedings/fig2010/papers/ts10f/ts10f_grover_3915.pdf</a> |
| Public note | View the paper free of charge at fig.net |
| 942 ## - ADDED ENTRY ELEMENTS (KOHA) | |
| Suppress in OPAC | 0 |
| Source of classification or shelving scheme | Dewey Decimal Classification |
| Withdrawn status | Lost status | Source of classification or shelving scheme | Damaged status | Not for loan | Home library | Current library | Shelving location | Date acquired | Total Checkouts | Full call number | Barcode | Date last seen | Copy number | Price effective from | Koha item type |
|---|---|---|---|---|---|---|---|---|---|---|---|---|---|---|---|
| Dewey Decimal Classification | Virtual | Virtual | Online | 22/05/2018 | ONLINE PUBLICATION | 160080-2001 | 06/08/2019 | 1 | 06/08/2019 | Book |